World Capitals A-Z Closest to the EU - Statistics

General Stats
  • This quiz has been taken 3,571 times
  • The average score is 14 of 23
Answer Stats
Letter Capital city % Correct
O Oslo
85%
L London
83%
B Bern
80%
A Andorra la Vella
79%
V Vatican City
79%
K Kyiv
77%
R Rabat
77%
S San Marino
73%
J Jerusalem
70%
Y Yerevan
70%
M Monaco
69%
C Chisinau
66%
T Tirana
65%
W Washington D.C.
64%
D Damascus
63%
Q Quito
61%
P Podgorica
60%
U Ulaanbaatar
58%
I Islamabad
48%
F Freetown
32%
N Nouakchott
31%
H Harare
23%
G Gitega
16%
No matching quizzes found
Score Distribution
Percent of People with Each Score
Percentile by Number Answered
Your Score History
You have not taken this quiz